The healing power of forests : (Record no. 11995)

000 -LEADER
fixed length control field 00734cam a2200241Ia 4500
020 ## - INTERNATIONAL STANDARD BOOK NUMBER
ISBN 9784333020737
020 ## - INTERNATIONAL STANDARD BOOK NUMBER
ISBN 4333020735
040 ## - CATALOGING SOURCE
Transcribing agency BTCTA
082 04 - DEWEY DECIMAL CLASSIFICATION NUMBER
Classification number 333 KOS 2006 A018 Or.
100 1# - MAIN ENTRY--AUTHOR NAME
Personal name Miyawaki, Akira,
245 14 - TITLE STATEMENT
Title The healing power of forests :
Remainder of title the philosophy behind restoring Earth's balance with native trees /
250 ## - EDITION STATEMENT
Edition statement 1st ed
260 ## - PUBLICATION, DISTRIBUTION, ETC. (IMPRINT)
Place of publication Tokyo :
Name of publisher Kosei Publishing Co.,
Year of publication 2006
300 ## - PHYSICAL DESCRIPTION
Number of Pages 286 p., [8] p. of plates :
Other physical details ill. (some col.), maps ;
Dimensions 21 cm
650 #0 - SUBJECT ADDED ENTRY--TOPICAL TERM
Topical Term Forests and forestry
650 #0 - SUBJECT ADDED ENTRY--TOPICAL TERM
Topical Term Forest conservation
650 #0 - SUBJECT ADDED ENTRY--TOPICAL TERM
Topical Term Forest management
650 #0 - SUBJECT ADDED ENTRY--TOPICAL TERM
Topical Term Environmental protection
650 #0 - SUBJECT ADDED ENTRY--TOPICAL TERM
Topical Term Reforestation
650 #0 - SUBJECT ADDED ENTRY--TOPICAL TERM
Topical Term Endemic plants
700 1# - ADDED ENTRY--PERSONAL NAME
Personal name Box, Elgene Owen
942 ## - ADDED ENTRY ELEMENTS (KOHA)
Koha item type សៀវភៅភាសាអង់គ្លេស
952 ## - LOCATION AND ITEM INFORMATION (KOHA)
Withdrawn status [LOCAL, KOHA] 0
952 ## - LOCATION AND ITEM INFORMATION (KOHA)
Withdrawn status [LOCAL, KOHA] 0
Holdings
Permanent Location Date acquired Koha item type Lost status Shelving location Barcode Current Location Full call number
Library Block A2017-08-09សៀវភៅភាសាអង់គ្លេស A018A12612Library Block A333 KOS 2006 A018 Or.
Library Block A2017-08-10សៀវភៅភាសាអង់គ្លេស A018A09443Library Block A333 KOS 2006 A018 Or.
មជ្ឈមណ្ឌលឯការនៃសាកលវិទ្យាល័យភូមិន្ទកសិកម្មចំការដូង

Powered by Koha